000 00685nam a22001577a 4500
003 macl
005 20231105163222.0
008 231105b |||||||| |||| 00| 0 eng d
040 _cmacl
082 _a500
100 _aगुप्‍ता, संजय
_936498
245 _aमुख्‍य परीक्षा दर्पण मध्‍य प्रदेश लोक सेवा आयोग विज्ञान एवं प्रैाद्योगिकी प्रश्‍न पत्र -3 इकाई -7
260 _aदिल्‍ली
_bनिर्माण IAS प्रकाशन
_c2020
650 _aविज्ञान
942 _2ddc
_cHIN
999 _c66334
_d66334